000 00737nam a2200205 i 4500
001 166320
003 ES-MaACL
005 20230906213316.0
008 190920s1962 sp |||| | spa d
100 0 _aLuciano de Samosata.
_974580
245 1 0 _aObras /
_cLuciano ; texto revisado y corregido por José Alsina.
260 _aBarcelona :
_bAlma Mater,
_c1962.
300 _a1 v. ;
_c24 cm.
490 1 _aColección Hispánica de Autores Griegos y Latinos
505 8 _aContiene: I. El sueño, Diálogos de los dioses, Diálogos marinos (XCVI, 104 p.)
700 0 _aAlsina Clota, José.
_920486
830 0 _aColección Hispánica de Autores Griegos y Latinos
_9182969
852 _aES-MaACL
_jP-804-Bis
999 _c166320
_d166320